Мужчины
| Autor principal: | |
|---|---|
| Sumari: | Самый спорный писатель современности, автор романов «Русская красавица» и «Страшный суд», взял за объект новой книги мужчину. Мужчина, утверждает Виктор Ерофеев, встречает XXI век с белым флагом капитуляции в руках. Это напоминает автору размахивание кальсонами. О русских мужчинах он пишет как об «облаке в штанах», но не в том нежном смысле, который имел в виду Маяковский, а как о фантоме: «Мы говорим на языке пустоты. Русский мужчина уже-еще не существует. Русский мужчина был, русского мужчины нет, русский мужчина может быть. Такова диалектика». В 30 мозаичных текстах, которые собраны воедино темой и стилем на тонкой грани прозы и эссеистики, Виктор Ерофеев рассматривает мужчину в разных мыслимых и немыслимых позициях. Он пишет о культурных фасадах и шершавых изнанках женско-мужских отношений. Формулируя своеобразный кодекс мужчины, Виктор Ерофеев, как всегда, рассказывая о другом и других, с дерзкой откровенностью и самоиронией рассказывает о себе. |
| Idioma: | rus |
| Publicat: |
Москва, Подкова, 1997
|
| Matèries: | |
| Format: | MixedMaterials Llibre |
| KOHA link: | https://koha.lib.tpu.ru/cgi-bin/koha/opac-detail.pl?biblionumber=147411 |
MARC
| LEADER | 00000nam0a2200000 4500 | ||
|---|---|---|---|
| 001 | 147411 | ||
| 005 | 20231031145032.0 | ||
| 010 | |a 589517003X | ||
| 035 | |a (RuTPU)RU\TPU\book\159779 | ||
| 090 | |a 147411 | ||
| 100 | |a 20081113d1997 m y0rusy50 ca | ||
| 101 | 0 | |a rus | |
| 102 | |a RU | ||
| 105 | |a y z 000ay | ||
| 200 | 1 | |a Мужчины |f В. В. Ерофеев | |
| 210 | |a Москва |c Подкова |d 1997 | ||
| 215 | |a 152 с. | ||
| 330 | |a Самый спорный писатель современности, автор романов «Русская красавица» и «Страшный суд», взял за объект новой книги мужчину. Мужчина, утверждает Виктор Ерофеев, встречает XXI век с белым флагом капитуляции в руках. Это напоминает автору размахивание кальсонами. О русских мужчинах он пишет как об «облаке в штанах», но не в том нежном смысле, который имел в виду Маяковский, а как о фантоме: «Мы говорим на языке пустоты. Русский мужчина уже-еще не существует. Русский мужчина был, русского мужчины нет, русский мужчина может быть. Такова диалектика». В 30 мозаичных текстах, которые собраны воедино темой и стилем на тонкой грани прозы и эссеистики, Виктор Ерофеев рассматривает мужчину в разных мыслимых и немыслимых позициях. Он пишет о культурных фасадах и шершавых изнанках женско-мужских отношений. Формулируя своеобразный кодекс мужчины, Виктор Ерофеев, как всегда, рассказывая о другом и других, с дерзкой откровенностью и самоиронией рассказывает о себе. | ||
| 610 | 1 | |a русская литература | |
| 610 | 1 | |a проза | |
| 610 | 1 | |a рассказы | |
| 675 | |a Р2 |v 3 | ||
| 700 | 1 | |a Ерофеев |b В. В. |g Виктор Владимирович | |
| 801 | 1 | |a RU |b 63413507 |c 20081113 |g PSBO | |
| 801 | 2 | |a RU |b 63413507 |c 20081120 |g PSBO | |
| 942 | |c BK | ||